[Event "Open Swiss 110th anniversary tournament"]
[Site "?"]
[Date "2020.02.13"]
[Round "7.3"]
[White "IM Maxim Barth Stanford (NOR)"]
[Black "IM John Arni Nilssen (FAI)"]
[Result "1-0"]
[WhiteElo "2339"]
[BlackElo "2333"]
[PlyCount "63"]
[EventDate "2020.??.??"]

1. e4 c5 2. Nf3 Nc6 3. Bb5 g6 4. O-O Bg7 5. Re1 Nf6 6. Bxc6 dxc6 7. d3 O-O 8.
h3 b6 9. Nc3 Qc7 10. Be3 e5 11. a4 a5 12. Qc1 Nh5 13. Ne2 f5 14. exf5 gxf5 15.
Ng3 Nxg3 16. fxg3 Qd6 17. Bf2 c4 18. Qe3 cxd3 19. cxd3 Re8 20. Qxb6 Rb8 21.
Qxa5 Rxb2 22. Bd4 e4 23. Bxg7 Kxg7 24. Qc3+ Qf6 25. d4 Rb6 26. Ne5 Ra6 27. a5
Be6 28. Reb1 Bd5 29. Rb7+ Re7 30. Rab1 e3 31. Qxe3 Rxa5 32. Nxc6 1-0

[Event "Open Swiss 110th anniversary tournament"]
[Site "?"]
[Date "2020.02.13"]
[Round "7.4"]
[White "Peter Thorsbro (DEN)"]
[Black "IM Jacob Sylvan (DEN)"]
[Result "1/2-1/2"]
[WhiteElo "2159"]
[BlackElo "2335"]
[PlyCount "80"]
[EventDate "2020.??.??"]

1. d4 Nf6 2. Bf4 d5 3. e3 c5 4. c3 Nc6 5. Nd2 Bf5 6. Qb3 Qd7 7. Ngf3 c4 8. Qd1
e6 9. Be2 b5 10. O-O Bd6 11. Bxd6 Qxd6 12. Nh4 h6 13. Nxf5 exf5 14. Qc2 Qe6 15.
b3 O-O 16. Rfe1 a6 17. Bf1 Ne4 18. bxc4 bxc4 19. f3 Nxd2 20. Qxd2 Rab8 21. Rad1
Na5 22. Qc2 Rfe8 23. Qa4 Rb5 24. e4 fxe4 25. fxe4 dxe4 26. d5 Qb6+ 27. Kh1 Qc5
28. Rd4 e3 29. d6 Rd8 30. Rxe3 Rxd6 31. Re8+ Kh7 32. Qc2+ Qf5 33. Qxf5+ Rxf5
34. Kg1 Rxd4 35. cxd4 Rd5 36. Rc8 Kg6 37. Bxc4 Nxc4 38. Rxc4 Kf5 39. Rc7 Ke6
40. Ra7 Ra5 1/2-1/2

[Event "Open Swiss 110th anniversary tournament"]
[Site "?"]
[Date "2020.02.13"]
[Round "7.5"]
[White "IM Mahadevan Siva (IND)"]
[Black "Thore Nyboe Jensen (DEN)"]
[Result "1-0"]
[WhiteElo "2310"]
[BlackElo "2006"]
[PlyCount "63"]
[EventDate "2020.??.??"]

1. e4 c5 2. Nf3 d6 3. d4 cxd4 4. Nxd4 Nf6 5. Nc3 a6 6. a4 Qc7 7. g3 g6 8. Bg2
Bg7 9. O-O Nc6 10. Bg5 Nxd4 11. Qxd4 O-O 12. Qd2 Be6 13. Nd5 Nxd5 14. exd5 Bf5
15. c3 Rfe8 16. Rfe1 Rac8 17. Re2 Qd7 18. Rae1 Be5 19. Qd1 Kg7 20. f3 h5 21.
Qb3 b5 22. axb5 Bd3 23. Re3 Qxb5 24. Qd1 Bc4 25. f4 Bf6 26. g4 hxg4 27. Qxg4
Rb8 28. f5 Bxd5 29. Bxd5 Qxd5 30. Bxf6+ Kxf6 31. fxg6 fxg6 32. Re6+ 1-0

[Event "Open Swiss 110th anniversary tournament"]
[Site "?"]
[Date "2020.02.13"]
[Round "7.6"]
[White "Thyra Kvendseth (NOR)"]
[Black "FM Karsten Larsen (DEN)"]
[Result "0-1"]
[WhiteElo "1889"]
[BlackElo "2235"]
[PlyCount "172"]
[EventDate "2020.??.??"]

1. Nf3 Nf6 2. g3 d5 3. Bg2 c6 4. O-O Bf5 5. d4 h6 6. Nbd2 e6 7. b3 Nbd7 8. Bb2
Bd6 9. c4 O-O 10. Re1 Ne4 11. Nh4 Bb4 12. Bxe4 Bxe4 13. a3 Bxd2 14. Qxd2 Nf6
15. f3 Bh7 16. Rad1 Qb6 17. Qc3 Rfd8 18. c5 Qc7 19. Ng2 b6 20. b4 a5 21. Rc1
axb4 22. axb4 b5 23. Ra1 Ra4 24. Rxa4 bxa4 25. Ra1 Ra8 26. Ne1 Qb7 27. Ba3 Ne8
28. Nd3 Bxd3 29. Qxd3 Nc7 30. Rd1 Qa6 31. Qxa6 Rxa6 32. Kf2 Nb5 33. Rd3 f5 34.
e3 Kf7 35. Ke2 Ra8 36. Kd2 g5 37. Kc2 Kg6 38. Kb2 g4 39. Rd2 h5 40. h4 gxf3 41.
Rf2 Kf7 42. Rxf3 Rg8 43. Ka2 Nc3+ 44. Ka1 Ne4 45. Bb2 Rb8 46. Ba3 Ke7 47. Ka2
Kd7 48. Rf1 Kc7 49. Re1 Rb5 50. Rf1 Rb8 51. Re1 Rb7 52. Kb2 Kb8 53. Rg1 Ka7 54.
Kc2 Ka6 55. Kd3 Kb5 56. Bb2 Rg7 57. Bc3 Rxg3 58. Rxg3 Nxg3 59. Be1 Ne4 60. Kc2
Nf6 61. Kc3 Ng4 62. Bd2 Nh2 63. Be1 Ka6 64. Kc2 Nf1 65. Bf2 Kb5 66. Kc3 Nh2 67.
Be1 Ng4 68. Bd2 Nf2 69. Be1 Nd1+ 70. Kd2 Nb2 71. Kc3 Nc4 72. Bf2 Na3 73. Kb2
Nc4+ 74. Kc3 Ka6 75. Bg1 Na3 76. Bf2 Nb5+ 77. Kb2 f4 78. exf4 Kb7 79. Kc2 Kc8
80. Be3 Kd7 81. Kd3 Ke7 82. Bc1 Kf6 83. Bb2 Kf5 84. Ke3 Kg4 85. Bc1 a3 86. Kf2
a2 0-1

[Event "Open Swiss 110th anniversary tournament"]
[Site "?"]
[Date "2020.02.13"]
[Round "7.7"]
[White "GM Jens Kristiansen (DEN)"]
[Black "FM Mikkel M. Jacobsen (DEN)"]
[Result "0-1"]
[WhiteElo "2406"]
[BlackElo "2315"]
[PlyCount "84"]
[EventDate "2020.??.??"]

1. Nf3 d5 2. g3 g6 3. Bg2 Bg7 4. O-O e5 5. d3 Nc6 6. Nbd2 Nge7 7. e4 O-O 8. c3
h6 9. b4 a6 10. Bb2 f5 11. Re1 dxe4 12. Qb3+ Kh8 13. dxe4 f4 14. a4 g5 15. b5
Na5 16. Qb4 b6 17. c4 Ng6 18. h3 Qf6 19. g4 Re8 20. Qc3 Bf8 21. Nb3 Nxb3 22.
Qxb3 a5 23. Rad1 Be6 24. Rd5 Bd6 25. Qd3 Kg8 26. c5 bxc5 27. Rxd6 cxd6 28. Qxd6
Qd8 29. Qxc5 Rc8 30. Qa3 Bf7 31. Qa1 Rc5 32. Ba3 Rc2 33. Bb2 Qb6 34. Rf1 Qc5
35. Ne1 Rd2 36. Nf3 Re2 37. h4 gxh4 38. g5 Qc8 39. Nxe5 Rxe5 40. Bxe5 Qg4 41.
Kh2 h3 42. Bxh3 Qg3+ 0-1

[Event "Open Swiss 110th anniversary tournament"]
[Site "?"]
[Date "2020.02.13"]
[Round "7.8"]
[White "Richard Lilja (DEN)"]
[Black "FM Jens Østergaard (DEN)"]
[Result "0-1"]
[WhiteElo "2123"]
[BlackElo "2229"]
[PlyCount "104"]
[EventDate "2020.??.??"]

1. e4 c5 2. Nc3 Nc6 3. Bb5 g6 4. Bxc6 dxc6 5. d3 Bg7 6. Be3 b6 7. Qd2 e5 8. f4
Nf6 9. fxe5 Ng4 10. Nf3 Nxe3 11. Qxe3 O-O 12. O-O-O Qe7 13. h3 Bxe5 14. Nxe5
Qxe5 15. g4 Be6 16. Kb1 a5 17. Na4 Rab8 18. g5 Qd4 19. Qxd4 cxd4 20. Rdg1 c5
21. b3 Rfc8 22. h4 b5 23. Nb2 c4 24. dxc4 bxc4 25. Rd1 Rd8 26. bxc4 Bxc4 27.
Ka1 Be2 28. Rd2 Bf3 29. Re1 Rb5 30. c3 Re5 31. Rxd4 Rxd4 32. cxd4 Rxe4 33. Rxe4
Bxe4 34. Nc4 Bd5 35. Nxa5 h5 36. Kb2 f6 37. Nb3 fxg5 38. Nd2 gxh4 39. Nf1 g5
40. Kc2 g4 41. Kd2 g3 42. Ne3 g2 43. Nxg2 h3 44. Nf4 h2 45. Nxd5 h1=Q 46. Nc3
h4 47. Kd3 h3 48. d5 h2 49. d6 Qc6 50. Ne4 h1=Q 51. Nf6+ Kf7 52. d7 Qxf6 0-1

[Event "Open Swiss 110th anniversary tournament"]
[Site "?"]
[Date "2020.02.13"]
[Round "7.9"]
[White "Dennis Jørgensen (DEN)"]
[Black "Mikael Ramkilde (DEN)"]
[Result "1-0"]
[WhiteElo "2154"]
[BlackElo "1952"]
[PlyCount "53"]
[EventDate "2020.??.??"]

1. Nf3 Nf6 2. d4 c5 3. e3 d5 4. c4 e6 5. a3 a6 6. dxc5 Bxc5 7. b4 Be7 8. Bb2
O-O 9. Nbd2 Nc6 10. Rc1 Re8 11. Qc2 h6 12. Be2 Bf8 13. O-O Bd7 14. Rfd1 Rc8 15.
Qb1 Na7 16. Bd4 Nc6 17. Ba1 Na7 18. Qb3 b5 19. c5 Nc6 20. Ne5 g6 21. Ndf3 Ne7
22. Qb2 Bg7 23. Ng4 Kh8 24. Nfe5 Rf8 25. Nxd7 Qxd7 26. Nxf6 Qd8 27. Qb1 1-0

[Event "Open Swiss 110th anniversary tournament"]
[Site "?"]
[Date "2020.02.13"]
[Round "7.11"]
[White "Esben Lauge Sørensen (DEN)"]
[Black "Søren Bull Andersen (DEN)"]
[Result "0-1"]
[WhiteElo "1943"]
[BlackElo "2100"]
[PlyCount "56"]
[EventDate "2020.??.??"]

1. d4 Nf6 2. c4 g6 3. Nc3 d5 4. Nf3 Bg7 5. Qb3 dxc4 6. Qxc4 O-O 7. e4 b6 8. Bf4
c6 9. Qd3 Nbd7 10. h3 a5 11. Be2 c5 12. d5 Ba6 13. Qe3 c4 14. O-O Nc5 15. Ne5
Ncxe4 16. Nxe4 Nxd5 17. Qg3 Nxf4 18. Qxf4 Qb8 19. Nc3 Bxe5 20. Qh4 Bxc3 21.
bxc3 b5 22. a4 b4 23. cxb4 Qxb4 24. Rfb1 Qc5 25. Rc1 Rfc8 26. Rc3 Rab8 27. Raa3
Rb1+ 28. Kh2 Qe5+ 0-1

[Event "Open Swiss 110th anniversary tournament"]
[Site "?"]
[Date "2020.02.14"]
[Round "8.1"]
[White "IM Maxim Barth Stanford (NOR)"]
[Black "GM Gukesh D (IND)"]
[Result "1/2-1/2"]
[WhiteElo "2339"]
[BlackElo "2542"]
[PlyCount "60"]
[EventDate "2020.??.??"]

1. e4 c5 2. Nf3 Nc6 3. Bb5 e6 4. O-O Nge7 5. Re1 Nd4 6. Nxd4 cxd4 7. d3 a6 8.
Ba4 b5 9. Bb3 Nc6 10. Nd2 Bb7 11. Qh5 g6 12. Qh3 Qc7 13. Nf3 h5 14. Qh4 Be7 15.
Bf4 e5 16. Bg5 Bxg5 17. Nxg5 Qd8 18. Nf3 Qxh4 19. Nxh4 Rc8 20. a4 Na5 21. Bxf7+
Kxf7 22. axb5 Rxc2 23. Rxa5 Rc5 24. Nf3 d6 25. b4 Rxb5 26. Rxb5 axb5 27. Rc1
Rc8 28. Rxc8 Bxc8 29. Nd2 Be6 30. Kf1 Kf6 1/2-1/2

[Event "Open Swiss 110th anniversary tournament"]
[Site "?"]
[Date "2020.02.14"]
[Round "8.2"]
[White "FM Jens Østergaard (DEN)"]
[Black "GM Chongsheng Zeng (CHN)"]
[Result "1-0"]
[WhiteElo "2229"]
[BlackElo "2567"]
[PlyCount "73"]
[EventDate "2020.??.??"]

1. d4 Nf6 2. Nf3 e6 3. c4 d5 4. Nc3 c6 5. e3 Nbd7 6. Qc2 Bd6 7. b3 O-O 8. Be2
b6 9. O-O Bb7 10. Bb2 Rc8 11. Rad1 c5 12. dxc5 Nxc5 13. Qd2 Qe7 14. cxd5 Nxd5
15. Qd4 f6 16. Nxd5 Bxd5 17. Bc4 Bxc4 18. Qxc4 Rfd8 19. Nd4 Qf7 20. Ba3 Ne4 21.
Nc6 Bxh2+ 22. Kxh2 Rxd1 23. Rxd1 Qh5+ 24. Kg1 Qxd1+ 25. Kh2 Qg4 26. Ne7+ Kf7
27. Nxc8 Qh4+ 28. Kg1 Qxf2+ 29. Kh2 Qg3+ 30. Kh1 Nf2+ 31. Kg1 Qxe3 32. Kf1 f5
33. Bc1 Qg3 34. Bf4 Qd3+ 35. Kxf2 Qd1 36. Nd6+ Kf6 37. Qc3+ 1-0

[Event "Open Swiss 110th anniversary tournament"]
[Site "?"]
[Date "2020.02.14"]
[Round "8.3"]
[White "IM Mahadevan Siva (IND)"]
[Black "FM Karsten Larsen (DEN)"]
[Result "1-0"]
[WhiteElo "2310"]
[BlackElo "2235"]
[PlyCount "111"]
[EventDate "2020.??.??"]

1. e4 e5 2. Nf3 Nc6 3. Bb5 Bc5 4. c3 Nf6 5. d4 Bb6 6. O-O O-O 7. Re1 d6 8. a4
a6 9. Bxc6 bxc6 10. Bg5 h6 11. Bh4 Qe7 12. Nbd2 Qe6 13. a5 Ba7 14. Qa4 Rb8 15.
Qxc6 g5 16. Bg3 g4 17. dxe5 Bb7 18. Qc4 Qxc4 19. Nxc4 gxf3 20. exf6 fxg2 21.
Kxg2 d5 22. Ne3 dxe4 23. Bxc7 Rbc8 24. Bb6 Bb8 25. Nf5 Kh7 26. Re3 Rg8+ 27. Kh1
Bf4 28. Ne7 Rg5 29. Nxc8 Bxc8 30. Rxe4 Bb7 31. f3 Bxe4 32. fxe4 Rh5 33. Bg1 Kg6
34. Rf1 Bc7 35. b4 Rh3 36. Rc1 Kxf6 37. Kg2 Rh4 38. Re1 Rg4+ 39. Kh3 Rg5 40.
Bd4+ Ke6 41. e5 Kd5 42. Rf1 Bxe5 43. Bxe5 Rxe5 44. Rxf7 Re3+ 45. Kh4 Rxc3 46.
Rf6 Rc4+ 47. Kh5 Rxb4 48. Rxh6 Ke5 49. Rxa6 Ra4 50. Kg5 Ra2 51. h4 Rg2+ 52. Kh6
Kf5 53. h5 Rh2 54. Rg6 Rh1 55. a6 Rh2 56. Rg5+ 1-0

[Event "Open Swiss 110th anniversary tournament"]
[Site "?"]
[Date "2020.02.14"]
[Round "8.4"]
[White "IM Jacob Sylvan (DEN)"]
[Black "FM Mikkel M. Jacobsen (DEN)"]
[Result "0-1"]
[WhiteElo "2335"]
[BlackElo "2315"]
[PlyCount "164"]
[EventDate "2020.??.??"]

1. c4 Nf6 2. g3 e6 3. Bg2 d5 4. Nf3 Be7 5. O-O O-O 6. b3 a5 7. Nc3 Nbd7 8. d4
c6 9. Bb2 b6 10. Ne5 Nxe5 11. dxe5 Nd7 12. cxd5 cxd5 13. e4 d4 14. Qxd4 Bc5 15.
Qd2 Nxe5 16. Rfd1 Ba6 17. Na4 Qxd2 18. Rxd2 Bb4 19. Nxb6 Bxd2 20. Nxa8 Nd3 21.
Nc7 Nxb2 22. Nxa6 Rc8 23. Bf1 Rc2 24. Bb5 Bc3 25. Rf1 g5 26. a4 h5 27. Nc5 Bd4
28. Nd3 Kg7 29. Nxb2 Rxb2 30. Bc4 g4 31. Kg2 Kg6 32. Bb5 Kf6 33. h3 Ke7 34.
hxg4 hxg4 35. e5 Bxe5 36. Re1 Bd4 37. Re2 Rxb3 38. Rc2 Kf6 39. Be8 Bb6 40. Bb5
Ra3 41. Be8 Ke7 42. Bb5 Bd4 43. Rc4 e5 44. Rc7+ Kf8 45. Rc2 f5 46. Bd7 Rf3 47.
Bc6 e4 48. Rd2 Bc5 49. Rc2 Bd6 50. Rd2 Ke7 51. Bb5 Bb4 52. Rc2 Kd6 53. Re2 Bc5
54. Rd2+ Ke5 55. Bc6 Bd4 56. Bb5 Ba7 57. Bc4 Kf6 58. Bb5 e3 59. fxe3 Bb8 60.
Rd8 Rxg3+ 61. Kf2 Rf3+ 62. Ke2 Ba7 63. Re8 Bc5 64. Bd7 Be7 65. Ra8 Bb4 66. Re8
Rh3 67. Re6+ Kg5 68. Re5 Rh2+ 69. Kf1 g3 70. Rxf5+ Kg6 71. Rd5 Bd2 72. Rd3 Rf2+
73. Kg1 Re2 74. Bc6 Kg5 75. Kf1 Rf2+ 76. Kg1 Kg4 77. Bg2 Re2 78. e4 Be3+ 79.
Kf1 Rf2+ 80. Kg1 Re2+ 81. Kf1 Rf2+ 82. Kg1 Bb6 0-1

[Event "Open Swiss 110th anniversary tournament"]
[Site "?"]
[Date "2020.02.14"]
[Round "8.5"]
[White "Jesper Schultz-Pedersen (DEN)"]
[Black "Sibo Wu (CHN)"]
[Result "1/2-1/2"]
[WhiteElo "2058"]
[BlackElo "2060"]
[PlyCount "129"]
[EventDate "2020.??.??"]

1. e4 c5 2. f4 Nc6 3. Nf3 e6 4. Bb5 Nge7 5. Nc3 a6 6. Bxc6 Nxc6 7. O-O Be7 8.
b3 d5 9. Bb2 d4 10. Ne2 b5 11. d3 Bb7 12. Qe1 b4 13. Qg3 Rg8 14. a3 Qb6 15. Ne5
a5 16. Qh3 h6 17. axb4 axb4 18. Qh5 Rf8 19. Rxa8+ Bxa8 20. Nc4 Qc7 21. Ra1 Bb7
22. Bc1 Kd8 23. Ng3 Kc8 24. Bd2 Qd8 25. Qh3 Kb8 26. e5 f5 27. exf6 Bxf6 28.
Qxe6 Re8 29. Qd6+ Qxd6 30. Nxd6 Rf8 31. Nge4 Be7 32. Nxb7 Kxb7 33. g4 g6 34.
Kg2 Nd8 35. Kg3 Ne6 36. Re1 Nc7 37. Rf1 Ra8 38. h4 Ra2 39. f5 gxf5 40. gxf5 Bf8
41. Kg4 Rxc2 42. Kh5 Kc6 43. Kg6 Rb2 44. Bxh6 Bxh6 45. Kxh6 Rxb3 46. f6 Ne6 47.
Ng5 Nf8 48. Kg7 Nd7 49. h5 Rxd3 50. h6 Rg3 51. Rf5 b3 52. h7 b2 53. h8=Q b1=Q
54. Qc8+ Kd6 55. Qa6+ Qb6 56. Qxb6+ Nxb6 57. Kf7 Re3 58. Rf4 Nd5 59. Re4 Nxf6
60. Kxf6 Rxe4 61. Nxe4+ Kd5 62. Kf5 c4 63. Nf6+ Kc5 64. Ke4 d3 65. Ke3 1/2-1/2

[Event "Open Swiss 110th anniversary tournament"]
[Site "?"]
[Date "2020.02.14"]
[Round "8.6"]
[White "Søren Bull Andersen (DEN)"]
[Black "Peter Thorsbro (DEN)"]
[Result "0-1"]
[WhiteElo "2100"]
[BlackElo "2159"]
[PlyCount "74"]
[EventDate "2020.??.??"]

1. d4 Nf6 2. c4 e6 3. Nc3 Bb4 4. Nf3 O-O 5. g3 d5 6. Bg2 dxc4 7. O-O Nbd7 8.
Qc2 c6 9. a4 Qa5 10. Nd2 Nb6 11. Nce4 Nxe4 12. Bxe4 h6 13. Nxc4 Nxc4 14. Qxc4
e5 15. dxe5 Be6 16. Qc2 Qxe5 17. Bf4 Qa5 18. Rfd1 Be7 19. Rd3 Qb4 20. Rf3 Rad8
21. Bh7+ Kh8 22. Bd3 Bd5 23. e4 Be6 24. Bd2 Qd6 25. Bc3 Bg5 26. Bf1 Bg4 27. Rd3
Qe7 28. f4 Qc5+ 29. Kg2 Bf6 30. b4 Rxd3 31. bxc5 Rxc3 32. Qb1 Rd8 33. e5 Rd2+
34. Kg1 Be7 35. Bg2 Bxc5+ 36. Kh1 Rcc2 37. Qf1 Bh3 0-1

[Event "Open Swiss 110th anniversary tournament"]
[Site "?"]
[Date "2020.02.14"]
[Round "8.7"]
[White "IM John Arni Nilssen (FAI)"]
[Black "Jan Brønnum (DEN)"]
[Result "1-0"]
[WhiteElo "2333"]
[BlackElo "2034"]
[PlyCount "57"]
[EventDate "2020.??.??"]

1. c4 c5 2. g3 g6 3. Bg2 Bg7 4. Nc3 Nc6 5. a3 a6 6. Nf3 e5 7. b4 d6 8. bxc5
dxc5 9. Rb1 Nge7 10. Na4 Qd6 11. d3 Rb8 12. Rb6 O-O 13. Be3 Qc7 14. Bxc5 Rd8
15. O-O e4 16. Ng5 exd3 17. exd3 Bd4 18. Bxd4 Nxd4 19. Ne4 Nec6 20. Nf6+ Kg7
21. Nd5 Qd6 22. Qa1 Kg8 23. Re1 Be6 24. Qb2 Bc8 25. c5 Qf8 26. Nf6+ Kg7 27.
Rxc6 bxc6 28. Qxb8 Kxf6 29. Qe5# 1-0

[Event "Open Swiss 110th anniversary tournament"]
[Site "?"]
[Date "2020.02.14"]
[Round "8.8"]
[White "Michael Ole Madsen (DEN)"]
[Black "Dennis Jørgensen (DEN)"]
[Result "1/2-1/2"]
[WhiteElo "2042"]
[BlackElo "2154"]
[PlyCount "93"]
[EventDate "2020.??.??"]

1. d4 Nf6 2. c4 e6 3. Nf3 b6 4. Bf4 Bb7 5. e3 h6 6. h3 Bd6 7. Bxd6 cxd6 8. Nc3
d5 9. cxd5 Nxd5 10. Bd3 Nxc3 11. bxc3 O-O 12. O-O d6 13. Qe2 Nd7 14. Rac1 Re8
15. Nd2 Nf6 16. Ba6 Qc8 17. Bb5 Re7 18. Qd3 Rc7 19. e4 a6 20. Ba4 b5 21. Bb3
Qd8 22. a4 Rac8 23. axb5 axb5 24. Rfe1 Qd7 25. Rc2 e5 26. Ra1 d5 27. exd5 exd4
28. c4 bxc4 29. Rxc4 Qxd5 30. f3 Rxc4 31. Bxc4 Qe5 32. Nf1 Bd5 33. Bxd5 Qxd5
34. Rd1 Rd8 35. Ng3 Qe5 36. Ne2 Nh5 37. Qe4 Qc5 38. Kh1 Rd6 39. Qe8+ Kh7 40.
Qe4+ g6 41. Qe7 Qb6 42. Qxf7+ Ng7 43. Ng3 Rf6 44. Qd7 Rd6 45. Qf7 Rf6 46. Qd7
Qd6 47. Ne4 1/2-1/2

[Event "Open Swiss 110th anniversary tournament"]
[Site "?"]
[Date "2020.02.14"]
[Round "8.9"]
[White "Thore Nyboe Jensen (DEN)"]
[Black "Peter Birk Petersen (DEN)"]
[Result "1/2-1/2"]
[WhiteElo "2006"]
[BlackElo "2117"]
[PlyCount "37"]
[EventDate "2020.??.??"]

1. e4 c5 2. Nf3 e6 3. d4 cxd4 4. Nxd4 Nf6 5. Nc3 d6 6. g4 h6 7. Bg2 a6 8. Be3
Qc7 9. h3 Nc6 10. Nce2 Bd7 11. O-O Be7 12. Rc1 Nxd4 13. Nxd4 O-O 14. c4 Qa5 15.
Nb3 Qc7 16. Nd4 Qa5 17. Nb3 Qc7 18. Nd4 Qa5 19. Nb3 1/2-1/2

[Event "Open Swiss 110th anniversary tournament"]
[Site "?"]
[Date "2020.02.14"]
[Round "8.10"]
[White "GM Jens Kristiansen (DEN)"]
[Black "Thyra Kvendseth (NOR)"]
[Result "1-0"]
[WhiteElo "2406"]
[BlackElo "1889"]
[PlyCount "55"]
[EventDate "2020.??.??"]

1. d4 Nf6 2. c4 g6 3. Nc3 Bg7 4. e4 d6 5. Nf3 O-O 6. Be2 e5 7. d5 a5 8. Bg5 Na6
9. Nd2 Qe8 10. a3 Nd7 11. b4 axb4 12. axb4 Rb8 13. Rb1 Nb6 14. O-O f5 15. f3 f4
16. Bh4 Nd7 17. Nb5 Nf6 18. Qc2 Bd7 19. Qd3 h6 20. Bf2 Qe7 21. c5 dxc5 22. bxc5
Nxc5 23. Qa3 b6 24. Nxc7 Qd6 25. Na6 Ra8 26. Nc4 Qe7 27. Nxb6 Rxa6 28. Bxa6 1-0

[Event "Open Swiss 110th anniversary tournament"]
[Site "?"]
[Date "2020.02.14"]
[Round "8.11"]
[White "Sohum Lohia (ENG)"]
[Black "Verner Hansen (DEN)"]
[Result "1/2-1/2"]
[WhiteElo "2025"]
[BlackElo "1761"]
[PlyCount "74"]
[EventDate "2020.??.??"]

1. b3 d5 2. Bb2 Bf5 3. Nf3 e6 4. g3 Nd7 5. Bg2 Ngf6 6. O-O Bd6 7. d3 O-O 8.
Nbd2 c6 9. Qe1 Bg6 10. e4 dxe4 11. dxe4 Bb4 12. c3 Ba5 13. Qe2 Qe7 14. Nc4 Bc7
15. e5 Nd5 16. Nh4 Nf4 17. gxf4 Qxh4 18. Rad1 Nb6 19. Rd4 Rad8 20. Rfd1 Bh5 21.
Bf3 Bxf3 22. Qxf3 Nxc4 23. bxc4 Bb6 24. Rxd8 Rxd8 25. Rxd8+ Qxd8 26. Bc1 f5 27.
Kg2 Qd7 28. Qe2 h6 29. Ba3 c5 30. Bc1 Qc6+ 31. f3 g6 32. Qd3 Bc7 33. h4 Kf7 34.
Kg3 Ke7 35. Be3 b6 36. Bf2 Qd7 37. Qe2 Ke8 1/2-1/2

[Event "Open Swiss 110th anniversary tournament"]
[Site "?"]
[Date "2020.02.15"]
[Round "9.1"]
[White "GM Gukesh D (IND)"]
[Black "FM Jens Østergaard (DEN)"]
[Result "1-0"]
[WhiteElo "2542"]
[BlackElo "2229"]
[PlyCount "87"]
[EventDate "2020.??.??"]

1. Nf3 Nf6 2. g3 g6 3. Bg2 Bg7 4. O-O O-O 5. d4 d6 6. Re1 c6 7. e4 Bg4 8. h3
Bxf3 9. Bxf3 Qc7 10. a4 e5 11. dxe5 dxe5 12. Na3 Rd8 13. Qe2 Nbd7 14. Nc4 Nc5
15. a5 Ne6 16. c3 b5 17. axb6 axb6 18. Be3 c5 19. Na3 h5 20. h4 Qc6 21. Rad1
Nc7 22. Nc4 Qe6 23. Bg5 b5 24. Ne3 Rxd1 25. Rxd1 Bf8 26. Bg2 c4 27. Nd5 Ncxd5
28. exd5 Qd6 29. Bh3 Nh7 30. Be3 Nf6 31. Qc2 Re8 32. b4 cxb3 33. Qxb3 b4 34. c4
Ne4 35. Bg2 Nc3 36. c5 Qa6 37. Rd2 Qa3 38. Qc4 Na4 39. Ra2 Qc3 40. Qb5 Nxc5 41.
Qxe8 b3 42. Ra8 Nd7 43. Qxd7 b2 44. Be4 1-0

[Event "Open Swiss 110th anniversary tournament"]
[Site "?"]
[Date "2020.02.15"]
[Round "9.2"]
[White "FM Mikkel M. Jacobsen (DEN)"]
[Black "GM Chongsheng Zeng (CHN)"]
[Result "0-1"]
[WhiteElo "2315"]
[BlackElo "2567"]
[PlyCount "98"]
[EventDate "2020.??.??"]

1. d4 Nf6 2. c4 e6 3. Nf3 d5 4. g3 Bb4+ 5. Bd2 Be7 6. Bg2 O-O 7. O-O Nbd7 8.
Bf4 c6 9. Nc3 dxc4 10. e4 Re8 11. a4 Bb4 12. Qe2 a5 13. Rfd1 b6 14. Ne5 Nxe5
15. Bxe5 Nd7 16. Bf4 e5 17. dxe5 Qe7 18. Qxc4 Nc5 19. Qe2 Ba6 20. Qg4 Nd3 21.
Bf1 Bc8 22. Qf3 Nxe5 23. Bxe5 Qxe5 24. Bc4 Ra7 25. Rd3 h5 26. Re1 Rae7 27. Qe3
Bc5 28. Qd2 h4 29. Kg2 Qh5 30. Qf4 hxg3 31. Rxg3 Bd4 32. Qf3 Qxf3+ 33. Kxf3 Be6
34. Bxe6 Rxe6 35. Kg2 Be5 36. Rh3 Rd8 37. b3 Rd2 38. Ne2 Bd6 39. Nc1 f5 40. e5
Rxe5 41. Rxe5 Bxe5 42. Rf3 g6 43. h4 Kg7 44. h5 gxh5 45. Rxf5 Bb2 46. Na2 Kg6
47. Rf3 Rc2 48. b4 Bd4 49. bxa5 bxa5 0-1

[Event "Open Swiss 110th anniversary tournament"]
[Site "?"]
[Date "2020.02.15"]
[Round "9.10"]
[White "Verner Hansen (DEN)"]
[Black "Søren Bull Andersen (DEN)"]
[Result "0-1"]
[WhiteElo "1761"]
[BlackElo "2100"]
[PlyCount "78"]
[EventDate "2020.??.??"]

1. d4 Nf6 2. c4 g6 3. Nc3 d5 4. Bg5 Be6 5. cxd5 Nxd5 6. e4 Nxc3 7. bxc3 Bg7 8.
Bb5+ c6 9. Bd3 O-O 10. Qd2 c5 11. d5 c4 12. Bc2 Bd7 13. Bh6 Bxh6 14. Qxh6 Qa5
15. Ne2 f5 16. O-O fxe4 17. Bxe4 Bf5 18. Qe3 Na6 19. Rfd1 Nc5 20. Bxf5 Rxf5 21.
d6 exd6 22. Rxd6 Qc7 23. Rd4 b5 24. Ng3 Re5 25. Qd2 Rae8 26. f3 Qe7 27. Rd5 Nd3
28. Rxe5 Qxe5 29. Ne4 a5 30. Qg5 Qxg5 31. Nxg5 Re2 32. Ne4 Rc2 33. a3 Nf4 34.
g3 Ne2+ 35. Kf1 Nxc3 36. Nd6 Rxh2 37. Kg1 Rd2 38. Nb7 a4 39. Rc1 Ne2+ 0-1

[Event "Open Swiss 110th anniversary tournament"]
[Site "?"]
[Date "2020.02.15"]
[Round "9.11"]
[White "Thyra Kvendseth (NOR)"]
[Black "Sohum Lohia (ENG)"]
[Result "1-0"]
[WhiteElo "1889"]
[BlackElo "2025"]
[PlyCount "67"]
[EventDate "2020.??.??"]

1. Nf3 g6 2. g3 Bg7 3. Bg2 e5 4. d3 Ne7 5. O-O d5 6. e4 O-O 7. Nc3 d4 8. Ne2 c5
9. c3 Nbc6 10. Nh4 dxc3 11. bxc3 Be6 12. Be3 Qa5 13. f4 Bg4 14. f5 Bxe2 15.
Qxe2 f6 16. fxg6 hxg6 17. Bh3 Nd8 18. Qg4 g5 19. Bxg5 fxg5 20. Rxf8+ Kxf8 21.
Rf1+ Kg8 22. Qxg5 Qc7 23. Qh5 Qc6 24. Qg5 Qc7 25. Nf5 Nxf5 26. Bxf5 Qd6 27. Bg6
Qd7 28. Qh4 Bh8 29. Qh6 Nc6 30. Bh7+ Qxh7 31. Qe6+ Kg7 32. Rf7+ Kg8 33. Rxb7+
Kf8 34. Rxh7 1-0